[Event "Berlin Werner Ott op"]
[Site "Berlin"]
[Date "2022.07.16"]
[Round "8"]
[White "Lo Coco, Alessandro"]
[Black "Neuenbaumer, Jan Holger"]
[Result "0-1"]
[WhiteElo "1219"]
[BlackElo "1937"]
[PlyCount "52"]
[EventDate "2022.07.09"]
[EventType "swiss"]
[EventRounds "9"]
[EventCountry "GER"]
[SourceTitle "CBM 209 Extra"]
[Source "ChessBase"]
[SourceDate "2022.09.30"]
[SourceVersion "1"]
[SourceVersionDate "2022.09.30"]
[SourceQuality "1"]

1. e4 d6 2. d4 Nf6 3. Nc3 g6 4. Bc4 Bg7 5. h4 c6 6. a3 Nbd7 7. f4 Nb6 8. Ba2 Bg4 9. Qd3 Nh5 10. Nh3 e5 11. Nf2 exd4 12. Ne2 Bxe2 13. Kxe2 c5 14. g4 c4 15. Bxc4 Nxc4 16. gxh5 Rc8 17. h6 Bxh6 18. Qxd4 0-0 19. c3 Bg7 20. Qd3 Qb6 21. Rb1 h5 22. b3 Nxa3 23. Be3 Qa5 24. b4 Qb5 25. Qxb5 Nxb5 26. c4 Nc3+ 0-1